Communes of Santiago - Statistics

General Stats
  • This quiz has been taken 238 times
  • The average score is 25 of 37
Answer Stats
Province Answer % Correct
Santiago Las Condes
97%
Santiago Providencia
92%
Santiago Santiago (Downtown)
91%
Cordillera Puente Alto
88%
Santiago Maipú
87%
Santiago Lo Barnechea
85%
Santiago Vitacura
85%
Santiago Ñuñoa
84%
Santiago La Florida
81%
Santiago La Reina
79%
Santiago Peñalolén
73%
Santiago Pudahuel
73%
Santiago Recoleta
73%
Santiago San Joaquín
73%
Santiago Estación Central
71%
Santiago Macul
70%
Santiago Huechuraba
69%
Santiago Quilicura
68%
Santiago Renca
64%
Santiago La Pintana
63%
Santiago Pedro Aguirre Cerda
62%
Maipo San Bernardo
61%
Santiago Independencia
60%
Santiago San Miguel
60%
Santiago El Bosque
58%
Santiago Lo Espejo
58%
Santiago Cerrillos
57%
Cordillera San José de Maipo
55%
Santiago La Granja
54%
Santiago Quinta Normal
54%
Santiago La Cisterna
53%
Santiago Cerro Navia
50%
Santiago Conchalí
49%
Talagante Padre Hurtado
49%
Cordillera Pirque
49%
Santiago Lo Prado
48%
Santiago San Ramón
48%
No matching quizzes found
Score Distribution
Percent of People with Each Score
Percentile by Number Answered
Your Score History
You have not taken this quiz